| 000 | 00363nam a2200133Ia 4500 | ||
|---|---|---|---|
| 005 | 20260328104306.0 | ||
| 008 | 260328s9999||||xx |||||||||||||| ||und|| | ||
| 100 | _aBell, Brayan | ||
| 245 | 0 |
_aExpanding Architecture Design as activism / _cBrayan Bell |
|
| 260 | _bMetropolis Books | ||
| 300 | _a287 p. | ||
| 650 | _aARQUITECTURA DE INTERES PUBLICO | ||
| 942 | _cBK | ||
| 999 |
_c10770 _d10770 |
||